[Event "Oberliga Wuerttemberg 2122"]
[Site "Wuerttemberg"]
[Date "2021.10.31"]
[Round "2.8"]
[White "Kilinc, Can"]
[Black "Templin, Klaus Dieter"]
[Result "0-1"]
[WhiteElo "1950"]
[BlackElo "2036"]
[PlyCount "112"]
[EventDate "2021.09.19"]
[EventType "team-tourn"]
[EventRounds "9"]
[EventCountry "GER"]
[SourceTitle "EXT 2023"]
[Source "ChessBase"]
[SourceDate "2022.10.05"]
[SourceVersion "1"]
[SourceVersionDate "2022.10.05"]
[SourceQuality "1"]
[WhiteTeam "Schoenaich II"]
[BlackTeam "Nuertingen"]
[WhiteTeamCountry "GER"]
[BlackTeamCountry "GER"]

1. e4 e6 2. d4 d5 3. Nc3 Nf6 4. e5 Nfd7 5. f4 c5 6. Nf3 Nc6 7. Be3 a6 8. Qd2 cxd4 9. Nxd4 Bc5 10. 0-0-0 0-0 11. Kb1 Nxd4 12. Bxd4 Bxd4 13. Qxd4 b5 14. Bd3 Qe7 15. Rhe1 b4 16. Na4 a5 17. f5 Re8 18. Re3 exf5 19. Qxd5 Rb8 20. Bb5 Nf6 21. exf6 Qxe3 22. Bxe8 Qxe8 23. Qxa5 Be6 24. b3 gxf6 25. Qc7 Rc8 26. Qd6 Qb5 27. Qd3 Qc6 28. g3 Kg7 29. Kb2 Rc7 30. c4 bxc3+ 31. Qxc3 Qb7 32. Qe3 Qb5 33. Nc3 Qa5 34. Rc1 Rc8 35. Qf4 Ra8 36. Qa4 Qd8 37. Qf4 Qe7 38. Na4 Qa7 39. Rc7 Qa5 40. Rc5 Qe1 41. Rc2 Qa5 42. Qc7 Qe5+ 43. Qxe5 fxe5 44. Nc5 Kf6 45. Rd2 h5 46. a4 h4 47. Kc3 hxg3 48. hxg3 Rg8 49. Rd3 Rc8 50. b4 e4 51. Rd1 Kg5 52. Rg1 Kg4 53. Kd4 Kf3 54. g4 Rd8+ 55. Ke5 fxg4 56. b5 Rd5+ 0-1

[Event "Boeblinger op 31st"]
[Site "Boeblingen"]
[Date "2014.12.26"]
[Round "1"]
[White "Noe, Christopher"]
[Black "Templin, Klaus Dieter"]
[Result "1-0"]
[WhiteElo "2375"]
[BlackElo "2075"]
[PlyCount "81"]
[EventDate "2014.12.26"]
[EventType "swiss"]
[EventRounds "9"]
[EventCountry "GER"]
[SourceTitle "CBM 164 Extra"]
[Source "ChessBase"]
[SourceDate "2015.03.02"]
[SourceVersion "1"]
[SourceVersionDate "2015.03.02"]
[SourceQuality "1"]

1. e4 e6 2. d3 d5 3. Nd2 Nf6 4. g3 c5 5. Bg2 Nc6 6. Ngf3 Be7 7. 0-0 0-0 8. Re1 Re8 9. e5 Nd7 10. Nf1 Qc7 11. Bf4 b5 12. h4 a5 13. a4 b4 14. N1h2 Ba6 15. h5 Bf8 16. h6 g6 17. Ng4 Qd8 18. Bg5 Be7 19. Qd2 Rb8 20. Rad1 c4 21. dxc4 Bxc4 22. Qf4 b3 23. c3 Rb7 24. Bxe7 Qxe7 25. Ng5 Rc8 26. Re3 Nd8 27. Bh3 Rb6 28. Ne4 Rcc6 29. Rd4 Ba6 30. Bg2 Rc4 31. Nef6+ Nxf6 32. Nxf6+ Kh8 33. Bxd5 Rxd4 34. Qxd4 Rb8 35. Bg2 Qc7 36. Re1 Bb7 37. Rd1 Bxg2 38. Kxg2 Nc6 39. Qd6 Qb7 40. Kg1 Ne7 41. Qd8+ 1-0

[Event "Leipzig VfB op 21st"]
[Site "Leipzig"]
[Date "2014.03.08"]
[Round "8"]
[White "Templin, Klaus Dieter"]
[Black "Deubler, Bastian"]
[Result "1-0"]
[WhiteElo "2069"]
[BlackElo "1936"]
[PlyCount "85"]
[EventDate "2014.03.04"]
[EventType "tourn"]
[EventRounds "9"]
[EventCountry "GER"]
[SourceTitle "CBM 159 Extra"]
[Source "ChessBase"]
[SourceDate "2014.04.24"]
[SourceVersion "1"]
[SourceVersionDate "2014.04.24"]
[SourceQuality "1"]

1. d4 d5 2. c4 e6 3. Nf3 Nf6 4. Nc3 c6 5. e3 Nbd7 6. Be2 Be7 7. 0-0 0-0 8. b3 Qc7 9. Bb2 dxc4 10. bxc4 e5 11. Qc2 exd4 12. exd4 Nb6 13. Bd3 Be6 14. Nd1 h6 15. Ne3 Rad8 16. Nf5 Rfe8 17. Nxe7+ Qxe7 18. a4 Qb4 19. Bc3 Qe7 20. Rfe1 Qc7 21. Qb3 Nbd7 22. Qb2 Bg4 23. Nd2 b6 24. Qc2 Bh5 25. h3 Nf8 26. Ne4 Nxe4 27. Rxe4 Rxe4 28. Bxe4 Bg6 29. Bxg6 Nxg6 30. Qe4 Rd7 31. Qe8+ Kh7 32. Re1 Rd8 33. Qe4 Rd7 34. Qf5 Re7 35. Re3 Rxe3 36. fxe3 Qe7 37. Qd3 Qg5 38. d5 cxd5 39. cxd5 Kg8 40. d6 Nh4 41. Qe4 Nxg2 42. Qe5 Qg6 43. Qxg7+ 1-0

[Event "Staufer op 22nd"]
[Site "Schwaebisch Gmuend"]
[Date "2010.01.02"]
[Round "2"]
[White "Ruecker, Benjamin"]
[Black "Templin, Klaus Dieter"]
[Result "0-1"]
[WhiteElo "2283"]
[BlackElo "2022"]
[PlyCount "64"]
[EventDate "2010.01.02"]
[EventType "swiss"]
[EventRounds "9"]
[EventCountry "GER"]
[SourceTitle "CBM 134 Extra"]
[Source "ChessBase"]
[SourceDate "2010.03.03"]
[SourceVersion "1"]
[SourceVersionDate "2010.03.03"]
[SourceQuality "1"]

1. d4 Nf6 2. Nf3 g6 3. c4 Bg7 4. Nc3 d5 5. cxd5 Nxd5 6. e4 Nxc3 7. bxc3 c5 8. Rb1 0-0 9. Be2 Nc6 10. d5 Ne5 11. Nxe5 Bxe5 12. f4 Bxc3+ 13. Bd2 Bd4 14. Qb3 e6 15. Bc4 Re8 16. Kf1 Rb8 17. h4 exd5 18. Bxd5 Be6 19. Bxe6 Rxe6 20. Re1 Qe8 21. e5 b5 22. h5 c4 23. Qh3 Qe7 24. hxg6 fxg6 25. g4 Rf8 26. Kg2 Qb7+ 27. Kg3 Rxe5 28. Rxe5 Bxe5 29. g5 Qf7 30. fxe5 Qf3+ 31. Kh2 Qe2+ 32. Kg1 Qd1+ 0-1

[Event "Liechtenstein op"]
[Site "Schellenberg"]
[Date "1989.05.01"]
[Round "4"]
[White "Pfeifer, Tamas"]
[Black "Templin, Klaus Dieter"]
[Result "1-0"]
[WhiteElo "2320"]
[BlackElo "1736"]
[PlyCount "31"]
[EventDate "1989.04.28"]
[EventType "swiss"]
[EventRounds "9"]
[EventCountry "LIE"]
[SourceTitle "EXT 2003"]
[Source "ChessBase"]
[SourceDate "2002.11.25"]
[SourceVersion "1"]
[SourceVersionDate "2002.11.25"]
[SourceQuality "1"]

1. e4 c6 2. d3 d5 3. Nd2 c5 4. g3 Bd7 5. exd5 Nf6 6. c4 g6 7. Ne4 Qb6 8. Qc2 Bg7 9. Bg2 Na6 10. a3 0-0 11. Ne2 Rfe8 12. 0-0 Rad8 13. Rb1 e6 14. N2c3 h6 15. Nxf6+ Bxf6 16. Bxh6 1-0

[Event "St Ingbert op"]
[Site "St Ingbert"]
[Date "1988.??.??"]
[Round "5"]
[White "Sondermann, Johannes"]
[Black "Templin, Klaus Dieter"]
[Result "0-1"]
[WhiteElo "2056"]
[BlackElo "1784"]
[PlyCount "78"]
[EventDate "1988.08.20"]
[EventType "swiss"]
[EventRounds "9"]
[EventCountry "GER"]
[SourceTitle "EXT 2002"]
[Source "ChessBase"]
[SourceDate "2001.11.25"]
[SourceVersion "1"]
[SourceVersionDate "2001.11.25"]
[SourceQuality "1"]

1. e4 c6 2. d4 d5 3. Nc3 dxe4 4. Nxe4 Nf6 5. Nxf6+ gxf6 6. c3 Bf5 7. Nf3 Qc7 8. Bc4 e6 9. Nh4 Bg6 10. Qf3 Nd7 11. Bf4 Bd6 12. Bh6 Rg8 13. 0-0-0 0-0-0 14. g3 Kb8 15. Bb3 c5 16. Nxg6 Rxg6 17. Be3 c4 18. Bc2 f5 19. h3 Rgg8 20. d5 Nf6 21. dxe6 fxe6 22. Bd4 Nd5 23. Rde1 e5 24. Bxa7+ Kxa7 25. Qxd5 Qb6 26. Qf3 Qa5 27. Kb1 e4 28. Qh5 Ba3 29. bxa3 Rg6 30. Re3 Qxa3 31. Qe2 Rb6+ 32. Bb3 cxb3 33. Ka1 b2+ 34. Kb1 Ra6 35. Qc4 Rd2 36. Rf1 Ra4 37. Qe6 Rd3 38. Re2 Rxc3 39. Rd1 Rc1+ 0-1